Smritiyon mein achar mimansa: Manu, Yajyavalkya aur parasar smriti ke sandarbh mein (Record no. 3794)

MARC details
000 -LEADER
fixed length control field 00522nam a2200169Ia 4500
008 - FIXED-LENGTH DATA ELEMENTS--GENERAL INFORMATION
fixed length control field 230917s9999||||xx |||||||||||||| ||und||
020 ## - ISBN
Price RS 500.00
040 ## - CATALOGING SOURCE
-- 5013634
Original cataloging agency VIVEKANANDA LIBRARY
041 ## - Language
-- English
082 ## - DDC NUMBER
Classification number 294.592609 S23M
100 ## - MAIN ENTRY--PERSONAL NAME
Personal name Sharma, Usha Joshi
245 #0 - TITLE STATEMENT
Title Smritiyon mein achar mimansa: Manu, Yajyavalkya aur parasar smriti ke sandarbh mein
260 ## - PUBLICATION, DISTRIBUTION, ETC. (IMPRINT)
Place of publication, distribution, etc New Dehi
Name of publisher, distributor, etc Satyam Publishing House
Date of publication, distribution, etc 2015
300 ## - PHYSICAL DESCRIPTION
Pages xiii, 241 p.
500 ## - GENERAL NOTE
General note 4241 27/12/2021 SPH22/502 13/01/2022 Main Budget
942 ## - ADDED ENTRY ELEMENTS (KOHA)
Koha item type Books
Holdings
Withdrawn status Lost status Damaged status Not for loan Location (home branch) Sublocation or collection (holding branch) Date acquired Koha issues (times borrowed) Koha full call number Accession No. Koha date last seen Koha item type
        VIVEKANANDA LIBRARY VIVEKANANDA LIBRARY 28/03/2022 1 294.592609 S23M 394356 19/04/2024 Books
© Designed and Maintained by Vivekananda Library, MDU Rohtak